000 00903nam a2200325 a 4500
003 AR-BaBNM
005 20251128203325.0
008 082120s2002 ||||||||||||||000 | spa||
020 _a84-7100-337-6
040 _cAR-BaBNM
100 1 _aBorges, Pedro
245 0 0 _aReligiosos en hispanoamérica
250 _a1ª ed.
260 _aMadrid
_bMapfre
_c1992
300 _a340 p.
_btablas
490 0 _aIglesia católica en el nuevo mundo
_vv. 2
500 _aApéndices para consultar p. 313-325.
650 4 _aMISIONES RELIGIOSAS
650 4 _aMISIONES FRANCISCANAS
650 4 _aHISTORIA DE LAS RELIGIONES
650 4 _aABORIGENES
650 4 _aIGLESIA
650 4 _aHISTORIA SOCIAL
650 4 _aHISTORIA DE LAS COSTUMBRES
650 4 _aCATOLICISMO
800 1 _aGallego, José Andrés
_ecoordinador
800 1 _aHera, Alberto de la
_edirector
942 _cBK
998 _cmariana
999 _c2902
_d2902